000 00239nam a22001097a 4500
082 _a540
_bASC/R
100 _aASCEND PUBLICATION
245 _aRAASAMOOLAKANGAL
260 _aKOTTAYAM
_bASCEND PUBLICATIONS
_c2007
300 _a312
942 _cBK
999 _c4099
_d4099